[Event "Druzynowe Mistrzostwa Polski - I Liga 2018"]
[Site "Pokrzywna"]
[Date "1899-12-30"]
[Round "5.6"]
[White "Jakubiec, Edyta"]
[Black "Zemlickova, Olena"]
[Result "1-0"]
[WhiteTitle "WIM"]
[BlackTitle "WIM"]
[WhiteElo "2153"]
[BlackElo "2096"]

1. Nf3 d5 2. g3 Nf6 3. Bg2 c6 4. O-O Bf5 5. d3 h6 6. c4 dxc4 7. dxc4 Qxd1 8. Rxd1
e6 9. Nc3 Nbd7 10. Bf4 Be7 11. h3 Nb6 12. Nd2 O-O 13. b3 Bc2 14. Rdc1 Bh7 15.
a3 a5 16. Nce4 Nfd7 17. c5 Nd5 18. Bd6 Bxe4 19. Nxe4 Bxd6 20. Nxd6 Rab8 21. e4
Ne7 22. b4 a4 23. Nc4 b5 24. cxb6 Nxb6 25. Na5 Rfc8 26. Ra2 Nd7 27. Rd2 Nf6 28.
Rdc2 Rb6 29. f3 Nd7 30. Bf1 Ne5 31. Kg2 Rd8 32. f4 N5g6 33. Nxc6 Nxc6 34. Rxc6
Rd2+ 35. Kf3 Rb7 36. R6c2 Rd4 37. Ke3 Rbd7 38. Bb5 R7d6 39. Rc8+ Kh7 40. R8c6
Rd8 41. Rc8 R8d6 42. R1c6 Rxc6 43. Rxc6 Rd1 44. Bxa4 Ra1 45. Rc3 f5 46. e5 Ne7
47. Kd4 Nd5 48. Rd3 g5 49. Bc6 Ne7 50. b5 gxf4 51. gxf4 Kg7 52. Kc5 Rc1+ 53. Kd6
Kf7 54. Bd7 Ng6 55. Bxe6+ Ke8 56. Bd7+ Kf7 57. e6+ Kf6 58. Rd4 Rc3 59. a4 Rxh3
60. b6 Rb3 61. Kc7 1-0

[Event "Druzynowe Mistrzostwa Polski - I Liga 2018"]
[Site "Pokrzywna"]
[Date "1899-12-30"]
[Round "5.7"]
[White "Szwed, Jacek"]
[Black "Lewtak, Damian"]
[Result "1-0"]
[WhiteTitle "FM"]
[BlackTitle "m"]
[WhiteElo "2397"]
[BlackElo "2430"]

1. e4 c5 2. Nf3 e6 3. d4 cxd4 4. Nxd4 Nc6 5. Nc3 Qc7 6. Be2 a6 7. O-O Nf6 8. Be3
b5 9. Nxc6 dxc6 10. a3 e5 11. f4 exf4 12. Bxf4 Qb6+ 13. Kh1 Be6 14. Qe1 h5 15.
e5 Nd5 16. Nxd5 cxd5 17. Bg5 h4 18. h3 Qc7 19. a4 b4 20. Rf4 Qb8 21. Rxh4 Rxh4
22. Bxh4 Bc5 23. Rd1 Ra7 24. Qg3 Kf8 25. Bg5 d4 26. Qh4 Kg8 27. Bd3 f5 28. exf6
Qe5 29. Re1 1-0

[Event "Druzynowe Mistrzostwa Polski - I Liga 2018"]
[Site "Pokrzywna"]
[Date "1899-12-30"]
[Round "5.8"]
[White "Reza, Wojciech"]
[Black "Zylka, Stanislaw"]
[Result "1-0"]
[WhiteTitle "FM"]
[BlackTitle "FM"]
[WhiteElo "2284"]
[BlackElo "2327"]

1. e4 c6 2. c4 d5 3. cxd5 cxd5 4. exd5 Nf6 5. Nc3 g6 6. Qb3 Bg7 7. g3 O-O 8. Bg2
Bf5 9. Nge2 Nbd7 10. d4 Nb6 11. Nf4 Qd7 12. h4 Rac8 13. O-O Ne8 14. Qd1 Nd6 15.
Re1 Rfe8 16. a4 a5 17. Bf1 h5 18. Be3 Nbc4 19. Bc1 Qc7 20. b3 Na3 21. Bxa3 Qxc3
22. Rc1 Qxd4 23. Rxc8 Rxc8 24. Qxd4 Bxd4 25. Rxe7 Ne4 26. Bc4 Nxf2 27. Ne2 Bb6
28. Rxb7 Be3 29. d6 Ng4+ 30. Kf1 Ne5 31. Re7 Bc5 32. Bxc5 Rxc5 33. Nd4 Bh3+ 34.
Ke2 Kf8 35. Rc7 Rxc7 36. dxc7 Nxc4 37. bxc4 Ke7 38. Nb3 Kd7 39. Nxa5 Kxc7 40.
Nb3 Kb6 41. Kd3 Bg4 42. Kc3 f6 43. a5+ Ka7 44. Nd4 g5 45. Kb4 Ka6 46. Nb5 Kb7
47. Nd4 Ka6 48. c5 gxh4 49. gxh4 f5 50. Ne6 Bf3 51. Nf4 Kb7 52. Kb5 Bc6+ 53. Kc4
Bf3 54. Kb4 Ka6 55. c6 Bxc6 56. Nxh5 f4 57. Nxf4 Be4 58. h5 Bf3 59. h6 Be4 60.
Nh3 1-0

[Event "Druzynowe Mistrzostwa Polski - I Liga 2018"]
[Site "Pokrzywna"]
[Date "1899-12-30"]
[Round "5.9"]
[White "Koziol, Kamil"]
[Black "Licznerski, Lukasz"]
[Result "0-1"]
[WhiteTitle "FM"]
[BlackTitle "FM"]
[WhiteElo "2310"]
[BlackElo "2277"]

1. e4 e5 2. Nc3 Nf6 3. g3 Bc5 4. Bg2 O-O 5. Nge2 c6 6. O-O d5 7. exd5 cxd5 8. d4
exd4 9. Nxd4 Bg4 10. Nf3 Nc6 11. h3 Bf5 12. Nh4 Be6 13. Bg5 Be7 14. Kh2 Ng4+ 15.
hxg4 Bxg5 16. Nf5 g6 17. Nd4 Nxd4 18. Qxd4 Bf6 19. Qd3 d4 20. Ne4 Bxg4 21. Nxf6+
Qxf6 22. Rae1 Rad8 23. Bxb7 Rb8 24. Bd5 Bf5 25. Be4 Bxe4 26. Rxe4 Rxb2 27. Qxd4
Qxd4 28. Rxd4 Rc8 29. Ra4 Rcxc2 30. Rxa7 Rxf2+ 31. Rxf2 Rxf2+ 32. Kh3 h5 33. g4
Rf3+ 34. Kh4 Rf4 35. Kg5 Rxg4+ 36. Kh6 Kf8 37. a4 h4 38. Ra8+ Ke7 39. Kg7 h3 40.
Rh8 Rxa4 41. Rxh3 Rf4 42. Re3+ Kd6 43. Kh6 Rg4 44. Kg7 f5 45. Kf6 Kd5 46. Ra3
Ke4 47. Ra4+ Kf3 48. Ra3+ Kg2 49. Ra2+ Kg3 50. Ra3+ Kh4 51. Ke5 Kg5 52. Ke6 f4
53. Ke5 Rg3 54. Ra1 Re3+ 55. Kd4 Kf5 0-1

[Event "Druzynowe Mistrzostwa Polski - I Liga 2018"]
[Site "Pokrzywna"]
[Date "1899-12-30"]
[Round "5.10"]
[White "Renkowski, Piotr"]
[Black "Tomaszewski, Kacper"]
[Result "1/2-1/2"]
[WhiteTitle "k+"]
[BlackTitle "k++"]
[WhiteElo "2199"]
[BlackElo "2281"]

1. e4 c6 2. Nc3 d5 3. d4 dxe4 4. Nxe4 Bf5 5. Ng3 Bg6 6. N1e2 Nd7 7. Nf4 e5 8. Nxg6
hxg6 9. dxe5 Qa5+ 10. Bd2 Qxe5+ 11. Qe2 Qxe2+ 12. Bxe2 Ngf6 13. O-O Bc5 14. Bf3
O-O-O 15. Bc3 Rh4 16. Rad1 Rdh8 17. h3 Bb4 18. Bd4 Bc5 19. Bc3 Bb4 20. Bd4 Bc5
21. Bc3 Bb4 22. Bd4 Bc5 23. Bc3 Bb4 24. Bd4 Bc5 25. Bc3 Bb4 26. Bd4 Bc5 27. Bc3
Bb4 28. Bd4 Bc5 29. Bc3 Bb4 30. Bd4 Bc5 31. Bc3 1/2-1/2

[Event "Druzynowe Mistrzostwa Polski - I Liga 2018"]
[Site "Pokrzywna"]
[Date "1899-12-30"]
[Round "5.11"]
[White "Wolynski, Krzysztof"]
[Black "Wypych, Dominik"]
[Result "1/2-1/2"]
[WhiteTitle "I++"]
[BlackTitle "k"]
[WhiteElo "2103"]
[BlackElo "2096"]

1. e4 c6 2. d3 g6 3. g3 d5 4. Nd2 Bg7 5. Bg2 e5 6. Ngf3 Ne7 7. Qe2 Qc7 8. Nf1 h6
9. Bd2 Be6 10. c4 d4 11. h3 a5 12. g4 Qb6 13. b3 c5 14. Rb1 Nbc6 15. a3 Qa6 16.
a4 Qb6 17. Ng3 Nb4 18. O-O O-O-O 19. Ne1 Nec6 20. Bc1 Rde8 21. Nc2 Nxc2 22. Qxc2
Qd8 23. Qe2 Qh4 24. Kh2 Rhf8 25. Bd2 Qd8 26. Rb2 Qe7 27. Qe1 Qd8 28. Rb1 Rh8 29.
Qe2 Qh4 30. Rh1 Qd8 31. Rbd1 Bf6 32. Bf3 Bg5 33. Bxg5 hxg5 34. Kg1 Rh7 35. Kf1
Reh8 36. Bg2 Qf6 37. Rg1 Bd7 38. Ke1 Kb8 39. Kd2 Ka7 40. Kc2 Nd8 41. Qe1 Ka6 42.
Ne2 Ne6 43. Rd2 Rc8 44. Kb2 Rc6 45. Ka3 Rb6 46. Rf1 Rb4 47. Qd1 Rh8 48. Ra2 Rc8
49. Kb2 Rc6 50. Ka1 Rcb6 51. Ra3 Nf4 52. Nxf4 Qxf4 53. Qc2 Qh2 54. f3 Qf4 55.
Rb1 Qe3 56. Ka2 Re6 57. Ka1 Re8 58. Ra2 Rf8 59. Qd2 Qxd2 60. Rxd2 Kb6 61. Ka2
Rh8 62. Re1 Kc7 63. Rde2 Kd6 64. Ka3 Ra8 65. Rc2 Ra6 66. Rb2 Rab6 67. Ree2 Bc6
68. Bf1 Ke6 69. Bg2 Ra6 70. Re1 Ra8 71. Rh1 Rh8 72. Re1 Rb6 73. Rbe2 Ra6 74. Kb2
Raa8 75. Rd2 Rae8 76. Ree2 Rhf8 77. Kc2 Kd6 78. Kd1 f5 79. Re1 fxg4 80. hxg4 Rh8
81. Rh1 Rh4 82. Rg1 Reh8 83. Rf2 Rh2 84. Ke1 Ke7 85. Kf1 Kf6 86. Re2 Kg7 87. Rf2
Bd7 88. Ke1 Rf8 89. Bf1 Rh4 90. Be2 Rf6 91. Bd1 Bc8 92. Rfg2 Rh3 93. Rg3 Rh2 94.
R3g2 Rh4 95. Rg3 Rf8 96. Kf2 Rfh8 97. Be2 Rh2+ 98. R3g2 Rh1 99. Rxh1 Rxh1 100.
Rg1 Rh2+ 1/2-1/2

[Event "Druzynowe Mistrzostwa Polski - I Liga 2018"]
[Site "Pokrzywna"]
[Date "1899-12-30"]
[Round "5.12"]
[White "Jablonska, Sabina"]
[Black "Cieslak, Wiktoria"]
[Result "0-1"]
[WhiteTitle "k"]
[BlackTitle "k++"]
[WhiteElo "1956"]
[BlackElo "2065"]

1. d4 Nf6 2. Bf4 c5 3. d5 Qb6 4. Nc3 Qxb2 5. Bd2 Qb6 6. e4 d6 7. f4 e6 8. Nf3 exd5
9. exd5 Be7 10. Rb1 Qd8 11. Bc4 O-O 12. O-O Nbd7 13. a4 Rb8 14. h3 Ne8 15. Qe2
Nb6 16. Bb3 f5 17. Rfe1 Bf6 18. a5 Na8 19. Bc4 Bd7 20. a6 Nb6 21. axb7 Rxb7 22.
Ba6 Rb8 23. Nb5 Bxb5 24. Bxb5 Nc7 25. Bc6 Kh8 26. c4 Qc8 27. Qd3 Qa6 28. Rbc1
Na4 29. Kh2 Nb2 30. Qc2 Qa2 31. Re3 Na6 32. Re2 Nb4 33. Bxb4 cxb4 34. Rb1 b3 35.
Qc1 Nd3 36. Qd1 Nxf4 37. Rxa2 bxa2 38. Ra1 Rb2 39. Ne1 Rfb8 40. Qa4 Nxg2 41. Nc2
Rxc2 42. Qxc2 Bxa1 43. Qxa2 Be5+ 44. Kh1 Ne3 45. Bb5 Bd4 46. Qd2 Bc5 47. Qe2 Rf8
48. Qh5 f4 49. Qf3 Nc2 50. Qe4 f3 51. Qe7 Rg8 52. Qf7 f2 53. Kg2 Ne1+ 54. Kf1
Nd3 55. Qf5 Ne5 56. h4 Ng6 57. h5 Rf8 58. Qh3 Nf4 59. Qf3 Kg8 60. Bd7 Rb8 61.
Bf5 Re8 62. Be4 Nxh5 63. Bxh7+ Kh8 64. Be4 Rxe4 65. Qxh5+ Kg8 66. Kg2 Re1 0-1

[Event "Druzynowe Mistrzostwa Polski - I Liga 2018"]
[Site "Pokrzywna"]
[Date "1899-12-30"]
[Round "5.13"]
[White "Chojnacki, Krzysztof"]
[Black "Gritsak, Orest"]
[Result "1/2-1/2"]
[WhiteTitle "IM"]
[BlackTitle "GM"]
[WhiteElo "2362"]
[BlackElo "2450"]

1. d4 Nf6 2. c4 e6 3. Nc3 Bb4 4. f3 O-O 5. a3 Bxc3+ 6. bxc3 Ne8 7. e4 b6 8. Bd3
Nc6 9. Nh3 e5 10. Bg5 f6 11. Be3 d6 12. Nf2 f5 13. exf5 Bxf5 14. O-O Bxd3 15.
Qxd3 Nf6 16. Bg5 Qe8 17. c5 dxc5 18. dxc5 Qe6 19. Bxf6 gxf6 20. f4 Rad8 21. Qe3
f5 22. cxb6 axb6 23. fxe5 Qxe5 24. Qf3 Rd6 25. Rae1 Qg7 26. Nh3 Ne5 27. Qf4 Nd3
28. Qc4+ Kh8 29. Re3 Ne5 30. Qe2 Ng4 31. Re7 Qh6 32. Rxc7 Qe3+ 33. Qxe3 Nxe3 34.
Re1 f4 35. Re7 Nd5 36. Re8 Rdf6 37. c4 Ne3 38. Rxf8+ Rxf8 39. Nxf4 Nxc4 40. Nd5
b5 41. Rb1 Nxa3 1/2-1/2

[Event "Druzynowe Mistrzostwa Polski - I Liga 2018"]
[Site "Pokrzywna"]
[Date "1899-12-30"]
[Round "5.14"]
[White "Miroslaw, Michal"]
[Black "Musialkiewicz, Pawel"]
[Result "1-0"]
[WhiteTitle "FM"]
[BlackTitle "FM"]
[WhiteElo "2280"]
[BlackElo "2247"]

1. e4 e6 2. c4 c5 3. Nc3 d6 4. d4 cxd4 5. Qxd4 Nf6 6. Nf3 Be7 7. Be2 O-O 8. O-O
h6 9. b3 a6 10. Rd1 Qc7 11. h3 Nbd7 12. Bb2 Rd8 13. Rac1 b6 14. Qe3 Bb7 15. Bd3
Rac8 16. Bb1 Qb8 17. Nd4 Qa8 18. Ba3 Nc5 19. f3 Nh5 20. Nde2 Bg5 21. f4 Nxf4 22.
Nxf4 e5 23. g3 exf4 24. gxf4 Bf6 25. Nd5 Bxd5 26. Rxd5 Re8 27. Rcd1 Rc7 28. Re1
Rce7 29. Qf3 Bh4 30. Re2 Re6 31. Bb2 Rg6+ 32. Rg2 Qd8 33. e5 Rxg2+ 34. Qxg2 Qe7
35. Rxd6 Ne6 36. Qg4 Rd8 37. Ba3 Rxd6 38. Bxd6 Qd8 39. Bf5 Nd4 40. Be4 b5 41.
c5 g5 42. fxg5 Bxg5 43. h4 Qa5 44. b4 1-0

[Event "Druzynowe Mistrzostwa Polski - I Liga 2018"]
[Site "Pokrzywna"]
[Date "1899-12-30"]
[Round "5.15"]
[White "Musialkiewicz, Jan"]
[Black "Stoma, Pawel"]
[Result "1/2-1/2"]
[WhiteTitle "k+"]
[BlackTitle "m"]
[WhiteElo "2244"]
[BlackElo "2317"]

1. d4 d5 2. c4 Nc6 3. Nc3 e5 4. cxd5 Nxd4 5. e3 Nf5 6. Nf3 Bd6 7. e4 Nfe7 8. Bb5+
Bd7 9. Qb3 Rb8 10. Bxd7+ Qxd7 11. Be3 Nc8 12. O-O Nf6 13. Nh4 O-O 14. h3 b5 15.
a3 a5 16. a4 b4 17. f3 g6 18. Nb5 Be7 19. Rac1 Rb7 20. Bf2 Nh5 21. g4 Nf4 22.
Kh2 h5 23. Ng2 Bg5 24. Be3 Kg7 25. Nxf4 exf4 26. Bd4+ f6 27. Qc2 hxg4 28. hxg4
Rf7 29. Qc6 Nd6 30. Nxd6 cxd6 31. Qxd7 Rfxd7 32. b3 Kf7 33. Rg1 Rb8 34. Rc6 Bh4
35. Kg2 Ke7 36. Rh1 g5 37. Rhc1 Rh8 38. Rh1 Rf8 39. Bb6 Ra8 40. Bf2 Rh8 41. Bxh4
gxh4 42. Rhc1 Ra8 43. Rc8 Rxc8 44. Rxc8 Kf7 45. Kh3 Kg6 46. Rc6 Kg5 47. Kg2 Rd8
48. Rc7 Kg6 49. Kh2 Kg5 50. Rc6 Rd7 51. Kg2 Rd8 52. Ra6 Rc8 53. Rc6 Rd8 54. Ra6
Rc8 1/2-1/2

[Event "Druzynowe Mistrzostwa Polski - I Liga 2018"]
[Site "Pokrzywna"]
[Date "1899-12-30"]
[Round "5.16"]
[White "Panas, Pawel"]
[Black "Bardeli, Lukasz"]
[Result "0-1"]
[WhiteTitle "k"]
[BlackTitle "FM"]
[WhiteElo "2181"]
[BlackElo "2133"]

1. d4 d5 2. c4 c6 3. e3 Nf6 4. Nc3 a6 5. Nf3 b5 6. b3 Bg4 7. a4 b4 8. Nb1 e6 9.
h3 Bh5 10. Bd3 Bd6 11. Bb2 Ne4 12. Qc2 f5 13. Nbd2 Nd7 14. O-O O-O 15. Ne5 Bxe5
16. dxe5 Ndc5 17. Nb1 f4 18. exf4 Rxf4 19. f3 Nxd3 20. Qxd3 Ng3 21. Rd1 Qb6+ 22.
Kh2 Rxf3 23. Qc2 Nf1+ 24. Rxf1 Rxf1 25. c5 Qc7 26. Qd3 Qf7 27. Qd4 Rf8 28. Nd2
Rxa1 29. Bxa1 a5 30. Qe3 Qf4+ 31. Qxf4 Rxf4 32. Kg3 g5 33. Bb2 Bd1 34. Ba1 h5
35. Bb2 h4+ 36. Kh2 Kf7 37. Kg1 Be2 38. Kh2 Kg6 39. g4 hxg3+ 40. Kxg3 Kf5 41.
Ba1 d4 0-1

[Event "Druzynowe Mistrzostwa Polski - I Liga 2018"]
[Site "Pokrzywna"]
[Date "1899-12-30"]
[Round "5.17"]
[White "Raczynski, Krzysztof"]
[Black "Praszak, Michal"]
[Result "1/2-1/2"]
[WhiteTitle "k+"]
[BlackTitle "m"]
[WhiteElo "2091"]
[BlackElo "2068"]

1. e4 g6 2. d4 Bg7 3. Nc3 d6 4. f4 c6 5. Nf3 Bg4 6. Be3 Nd7 7. h3 Bxf3 8. Qxf3
e6 9. Be2 Ne7 10. g4 Qb6 11. O-O-O d5 12. e5 h5 13. Kb1 Qa5 14. f5 gxf5 15. Bg5
f6 16. gxf5 Nxf5 17. exf6 Bxf6 18. Bxf6 Nxf6 19. Bd3 O-O-O 20. Bxf5 exf5 21. Qxf5+
Nd7 22. Rhe1 Rdf8 23. Qg5 Qd8 24. Qd2 Qh4 25. Re3 Rf2 26. Qd3 Rhf8 27. Rde1 Qf6
28. Re8+ Rxe8 29. Rxe8+ Kc7 30. Nxd5+ cxd5 31. Qc3+ Kb6 32. Qb4+ Kc7 33. Qc3+
Kd6 34. Qb4+ Kc7 35. Qc3+ Kd6 36. Qb4+ Kc7 37. Qc3+ 1/2-1/2

[Event "Druzynowe Mistrzostwa Polski - I Liga 2018"]
[Site "Pokrzywna"]
[Date "1899-12-30"]
[Round "5.18"]
[White "Mroziak, Maciej"]
[Black "Sopur, Lech"]
[Result "1-0"]
[WhiteTitle "IM"]
[BlackTitle "m"]
[WhiteElo "2386"]
[BlackElo "2403"]

1. e4 c5 2. c3 Nf6 3. e5 Nd5 4. d4 cxd4 5. Nf3 d6 6. Qxd4 e6 7. Nbd2 Nc6 8. Bb5
Bd7 9. Bxc6 Bxc6 10. Nc4 f6 11. Nxd6+ Bxd6 12. exd6 e5 13. Qc4 Qxd6 14. Bd2 b5
15. Qe2 O-O 16. O-O Rad8 17. Rfd1 Qb8 18. Nh4 g6 19. c4 bxc4 20. Qxc4 Bb5 21.
Qe4 f5 22. Qe1 Rfe8 23. Nf3 Bc6 24. Rac1 Ba8 25. b3 e4 26. Nd4 Qe5 27. Nc6 Bxc6
28. Rxc6 f4 29. Ba5 Rd7 30. Rdc1 f3 31. Rc8 Rde7 32. Rxe8+ Rxe8 33. g3 e3 34.
fxe3 Nxe3 35. Bc3 Qb5 36. Qf2 Qd5 37. Re1 Ng4 38. Rxe8+ Kf7 39. Rd8 Qb7 40. Rb8
1-0

[Event "Druzynowe Mistrzostwa Polski - I Liga 2018"]
[Site "Pokrzywna"]
[Date "1899-12-30"]
[Round "5.19"]
[White "Cukrowski, Filip"]
[Black "Kolago, Marcin"]
[Result "1-0"]
[WhiteTitle "FM"]
[BlackTitle "m"]
[WhiteElo "2397"]
[BlackElo "2356"]

1. e4 d5 2. exd5 Qxd5 3. Nc3 Qa5 4. d4 Nf6 5. Nf3 Bf5 6. Bc4 e6 7. O-O Bb4 8. Ne2
c6 9. Ng3 Bg4 10. h3 Bxf3 11. Qxf3 Nbd7 12. Bf4 O-O 13. c3 Be7 14. Rfe1 Rfe8 15.
Re2 Nf8 16. a4 Ng6 17. b4 Qd8 18. Bd2 Qc7 19. Ne4 Nxe4 20. Rxe4 a5 21. b5 cxb5
22. Bxb5 Red8 23. g3 Rd5 24. Qe2 Bf6 25. h4 Ne7 26. Bd3 Nf5 27. Rf4 Nd6 28. h5
Bg5 29. c4 Bxf4 30. cxd5 Bxd2 31. Qxd2 exd5 32. Rc1 Nc4 33. Qg5 Qd8 34. Qg4 Qd6
35. Bxc4 dxc4 36. Rxc4 Qe6 37. Qxe6 fxe6 38. f4 Rd8 39. Kf2 Kf7 40. Ke3 Kf6 41.
Rc7 Rb8 42. Rc5 b6 43. Rb5 Ke7 44. Ke4 Kd6 45. g4 h6 46. f5 exf5+ 47. gxf5 Kc6
48. Re5 Rb7 49. Re6+ Kd7 50. d5 b5 51. axb5 Rxb5 52. Rg6 Rb1 53. Rxg7+ Ke8 54.
Rg6 Re1+ 55. Kf4 Rd1 56. Ke5 Re1+ 57. Kd6 Rf1 58. Rxh6 a4 59. Rh7 a3 60. Ra7 Rxf5
61. Ke6 1-0

[Event "Druzynowe Mistrzostwa Polski - I Liga 2018"]
[Site "Pokrzywna"]
[Date "1899-12-30"]
[Round "5.20"]
[White "Wiewiora, Eneasz"]
[Black "Kaczmarek, Aleksander"]
[Result "1/2-1/2"]
[WhiteTitle "FM"]
[BlackTitle "FM"]
[WhiteElo "2355"]
[BlackElo "2398"]

1. Nf3 g6 2. e4 Bg7 3. d4 c6 4. Nc3 d5 5. h3 dxe4 6. Nxe4 Nd7 7. Bd3 Ngf6 8. Nxf6+
Nxf6 9. O-O O-O 10. Re1 b6 11. Bf4 Bb7 12. Qe2 e6 13. Be5 Rc8 14. Rad1 Qe7 15.
Ba6 Bxa6 16. Qxa6 Rfd8 17. Qe2 c5 18. c4 cxd4 19. Nxd4 Ne8 20. Bxg7 Nxg7 21. b3
Qc5 22. Qe4 Rc7 23. Nf3 Qf8 24. Rd3 Rcd7 25. Red1 Rxd3 26. Rxd3 Nf5 27. Qe2 Qe7
28. Rxd8+ Qxd8 29. b4 Nd4 30. Nxd4 Qxd4 31. Qc2 Qe5 32. Qd2 h5 33. Qc1 1/2-1/2

[Event "Druzynowe Mistrzostwa Polski - I Liga 2018"]
[Site "Pokrzywna"]
[Date "1899-12-30"]
[Round "5.21"]
[White "Orzech, Dominik"]
[Black "Jaroch, Karol"]
[Result "0-1"]
[WhiteTitle "IM"]
[BlackTitle "m"]
[WhiteElo "2365"]
[BlackElo "2201"]

1. Nf3 e6 2. c4 Nf6 3. Nc3 Bb4 4. Qb3 c5 5. a3 Ba5 6. g3 O-O 7. Bg2 Nc6 8. O-O
d5 9. d3 d4 10. Na4 Nd7 11. Qd1 Qe7 12. Nd2 f5 13. b4 Bb6 14. Nb3 e5 15. Rb1 Re8
16. Naxc5 Nxc5 17. Nxc5 Bxc5 18. bxc5 e4 19. Qa4 a6 20. Qb3 Qxc5 21. Bf4 h6 22.
Bd2 Kh8 23. Bb4 Qe5 24. Bd2 Qc5 25. a4 Qd6 26. Qb6 Qa3 27. c5 Qxa4 28. Rfc1 Qa2
29. Rb2 Qf7 30. e3 Ne5 31. dxe4 Nd3 32. exf5 Qxf5 33. Rf1 Nxb2 34. Qxb2 Qxc5 35.
Rc1 Qd6 36. exd4 a5 37. Bf4 Qb4 38. Qa1 Bf5 39. d5 Rac8 40. Rd1 Qc3 41. Qa2 Re1+
0-1

[Event "Druzynowe Mistrzostwa Polski - I Liga 2018"]
[Site "Pokrzywna"]
[Date "1899-12-30"]
[Round "5.22"]
[White "Samborski, Henryk"]
[Black "Flis, Pawel"]
[Result "1-0"]
[WhiteTitle "k"]
[BlackTitle "k"]
[WhiteElo "2101"]
[BlackElo "1922"]

1. Nf3 Nf6 2. c4 g6 3. Nc3 Bg7 4. g3 d6 5. Bg2 O-O 6. d4 c5 7. h3 Nc6 8. Be3 cxd4
9. Nxd4 Nxd4 10. Bxd4 Qa5 11. O-O Qh5 12. e4 Qa5 13. f4 Bd7 14. e5 Ne8 15. exd6
exd6 16. Rf2 Bc6 17. Nd5 Bxd5 18. Bxd5 Rb8 19. f5 Bxd4 20. Qxd4 Qc5 21. Qxc5 dxc5
22. fxg6 hxg6 23. Raf1 Nd6 24. Rf6 Rbd8 25. Rxg6+ Kh7 26. Rgf6 Kg7 27. a4 Rd7
28. h4 Ne8 29. R6f5 Re7 30. Rg5+ Kh6 31. Bf3 b6 32. Kg2 Nd6 33. b3 f6 34. Rd5
Nf7 35. Rfd1 Ne5 36. Rd8 Rfe8 37. Rxe8 Rxe8 38. Rd6 Kg7 39. Bd1 Re7 40. g4 Nf7
41. Rd3 Ne5 42. Rd5 Nc6 43. Kf2 Nd4 44. a5 Kf7 45. axb6 axb6 46. b4 Rc7 47. bxc5
bxc5 48. Bf3 Kg7 49. Be4 Ne6 50. Rh5 Nf8 51. Ke3 Rc8 52. Rd5 Rc7 53. Bf5 Rc6 54.
Ke4 Rc7 55. Rd6 Re7+ 56. Kd5 Re5+ 57. Kc6 Ng6 58. Bxg6 Kxg6 59. g5 Kg7 60. Rxf6
Re4 61. Kxc5 Rxh4 62. Kd5 Rg4 63. Rf5 Kg6 64. Re5 Rg1 65. c5 1-0

[Event "Druzynowe Mistrzostwa Polski - I Liga 2018"]
[Site "Pokrzywna"]
[Date "1899-12-30"]
[Round "5.23"]
[White "Miturova, Magdalena"]
[Black "Worek, Joanna"]
[Result "1-0"]
[WhiteTitle "WIM"]
[BlackTitle "WGM"]
[WhiteElo "2204"]
[BlackElo "2295"]

1. e4 c5 2. Be2 Nc6 3. f4 e6 4. Nf3 Nf6 5. d3 d5 6. e5 Nd7 7. c4 d4 8. O-O Be7
9. Nbd2 O-O 10. Ne4 f6 11. exf6 Nxf6 12. Nxf6+ Bxf6 13. Nd2 Bd7 14. Ne4 Qe7 15.
Bg4 Nd8 16. Bd2 b5 17. cxb5 Bxb5 18. Qf3 Rc8 19. b3 Bc6 20. Rae1 Bd5 21. Qh3 Rc6
22. f5 Bxe4 23. Rxe4 e5 24. Re2 Ra6 25. Bc1 Nc6 26. Bf3 Rd8 27. a3 Na5 28. Rb2
Rb6 29. Bd1 Qb7 30. g4 Qe7 31. b4 cxb4 32. axb4 Nc6 33. Rg2 Bg5 34. f6 gxf6 35.
Bxg5 Nxb4 36. Bh6 Nd5 37. g5 f5 38. g6 Rxg6 39. Qxf5 Rxg2+ 40. Kxg2 Ne3+ 41. Bxe3
dxe3 42. Qe4 Qe6 43. Kh1 Kg7 44. Rg1+ Kh8 45. Qxe3 a5 46. Bf3 a4 47. Qa7 Qd7 48.
Qa5 Qe7 49. Be4 a3 50. Ra1 Qf6 51. Qc7 1-0

[Event "Druzynowe Mistrzostwa Polski - I Liga 2018"]
[Site "Pokrzywna"]
[Date "1899-12-30"]
[Round "5.24"]
[White "Wandzik, Wojciech"]
[Black "Jaracz, Pawel"]
[Result "1/2-1/2"]
[WhiteTitle "m"]
[BlackTitle "GM"]
[WhiteElo "2417"]
[BlackElo "2453"]

1. e4 c5 2. Nf3 e6 3. d4 cxd4 4. Nxd4 Nc6 5. Nc3 d6 6. Be2 Nf6 7. O-O a6 8. Be3
Bd7 9. f4 Be7 10. Kh1 O-O 11. Qe1 Nxd4 12. Bxd4 Bc6 13. Qg3 b5 14. a3 Qd7 15.
Rae1 a5 16. Bd3 b4 17. axb4 axb4 18. Nd1 Bb5 19. c4 bxc3 20. bxc3 Bxd3 21. Qxd3
e5 22. Bg1 Rfc8 23. Ne3 Ra3 24. Nc4 Qb5 25. Nxe5 Qxd3 26. Nxd3 Raxc3 27. Rf3 R8c4
28. e5 dxe5 29. Nxe5 Rxf3 30. Nxf3 Bb4 31. Rd1 h6 1/2-1/2

[Event "Druzynowe Mistrzostwa Polski - I Liga 2018"]
[Site "Pokrzywna"]
[Date "1899-12-30"]
[Round "5.25"]
[White "Maksimenko, Andrei"]
[Black "Lizak, Jakub"]
[Result "1/2-1/2"]
[WhiteTitle "GM"]
[BlackTitle "k"]
[WhiteElo "2483"]
[BlackElo "2168"]

1. Nf3 Nf6 2. c4 g6 3. Nc3 d5 4. cxd5 Nxd5 5. h4 Nxc3 6. dxc3 Qxd1+ 7. Kxd1 f6
8. e4 Nc6 9. Kc2 e5 10. h5 g5 11. Be3 Be6 12. Nd2 O-O-O 13. Be2 Nd4+ 14. cxd4
exd4 15. Bc4 Bg4 16. Nf1 dxe3 17. Nxe3 Bd7 18. Nd5 Bd6 19. Rad1 Rhf8 20. f3 f5
21. Bd3 g4 22. Ne3 gxf3 23. gxf3 fxe4 24. Bxe4 h6 25. Ng4 Bf4 26. Rhe1 c6 27.
Rd3 Kc7 28. Bg6 Bxg4 29. fxg4 Bg5 30. Re2 Rxd3 31. Bxd3 Kd6 1/2-1/2

[Event "Druzynowe Mistrzostwa Polski - I Liga 2018"]
[Site "Pokrzywna"]
[Date "1899-12-30"]
[Round "5.26"]
[White "Duda, Lukasz"]
[Black "Simantsev, Mikhail"]
[Result "1-0"]
[WhiteTitle "k++"]
[BlackTitle "GM"]
[WhiteElo "2201"]
[BlackElo "2445"]

1. d4 Nf6 2. Bf4 e6 3. e3 c5 4. c3 d5 5. Nf3 Nc6 6. Nbd2 Nh5 7. Bg5 Qb6 8. dxc5
Bxc5 9. b4 Be7 10. Bxe7 Nxe7 11. Ne5 Nf6 12. Qa4+ Kf8 13. c4 Qc7 14. Ndf3 Nd7
15. Nxd7+ Bxd7 16. Qb3 dxc4 17. Bxc4 Rc8 18. Bd3 Nd5 19. O-O Ke7 20. a3 Rhd8 21.
Nd4 Qe5 22. Bc4 Nf6 23. Be2 Ne4 24. Rfc1 Rc7 25. Rxc7 Qxc7 26. Bf3 Nd2 27. Qd3
Nxf3+ 28. Nxf3 h6 29. Qd4 f6 30. Qxa7 e5 31. h3 Bb5 32. a4 Be2 33. Re1 Bd3 34.
a5 Ba6 35. Nh4 Kf7 36. Qc5 Qxc5 37. bxc5 Ke6 38. e4 Rd2 39. Rb1 Rc2 40. Nf5 Rxc5
41. Nxg7+ Kf7 42. Nf5 Rxa5 43. Nxh6+ Kg6 44. Ng4 b5 45. Ne3 Bc8 46. Rc1 Be6 47.
Rc6 Kf7 48. Rc7+ Kg6 49. Rb7 Ra4 50. Rb6 Kf7 51. Rxb5 Rxe4 52. g4 Rf4 53. Kg2
Kg6 54. Kg3 Rd4 55. h4 Rf4 56. Rb6 Kf7 57. h5 Rd4 58. Rb7+ Rd7 59. Rxd7+ Bxd7
60. Kh4 Kg7 61. g5 fxg5+ 62. Kxg5 e4 63. Ng4 Bc6 64. h6+ Kh8 65. Nf6 Bb7 66. Kf4
Bc6 67. Kf5 Bb7 68. Nxe4 Kh7 69. Nd6 Bf3 70. Kg5 Bd5 71. f4 Bc6 72. f5 Ba4 73.
f6 1-0

[Event "Druzynowe Mistrzostwa Polski - I Liga 2018"]
[Site "Pokrzywna"]
[Date "1899-12-30"]
[Round "5.27"]
[White "Krysztofiak, Marcin"]
[Black "Gola, Karol"]
[Result "1-0"]
[WhiteTitle "IM"]
[BlackTitle "k"]
[WhiteElo "2386"]
[BlackElo "2214"]

1. c4 e6 2. Nc3 d5 3. d4 Nf6 4. Nf3 c6 5. e3 Nbd7 6. Qc2 Bd6 7. b3 O-O 8. Bd3 Re8
9. O-O h6 10. Bb2 Qe7 11. e4 dxc4 12. Bxc4 e5 13. Rfe1 a6 14. Rad1 Qf8 15. Bf1
exd4 16. Nxd4 Nb6 17. h3 Bd7 18. g3 Rad8 19. Bg2 Bb4 20. e5 Nfd5 21. Re2 Nxc3
22. Bxc3 Bxc3 23. Qxc3 Be6 24. Qa5 Nd5 25. Nxe6 fxe6 26. Rd4 c5 27. Rc4 Rc8 28.
a3 Qe7 29. b4 cxb4 30. Bxd5 exd5 31. Qxd5+ Kh8 32. axb4 Rcd8 33. Qe4 Rd1+ 34.
Kh2 Red8 35. e6 b5 36. Rc5 R1d4 37. Qc2 Re8 38. Qc3 Qf6 39. Rc8 Rdd8 40. Qxf6
gxf6 41. Rxd8 Rxd8 42. Ra2 Kg7 43. Rxa6 Rd4 44. e7 Re4 45. Rb6 Rxe7 46. Rxb5 Re2
47. Kg2 Rb2 48. g4 Kf7 49. Kg3 Rb3+ 50. f3 Kg6 51. h4 h5 52. Rxh5 Rxb4 53. Rc5
Ra4 54. Rc6 Kg7 55. g5 fxg5 56. hxg5 Ra1 57. Kg4 Kf7 58. f4 Ra4 59. g6+ Kg7 60.
Kg5 Ra1 61. Rc7+ Kg8 62. f5 Ra5 63. Kh6 Rxf5 64. Rc8+ Rf8 65. Rxf8+ Kxf8 66. Kh7
1-0

[Event "Druzynowe Mistrzostwa Polski - I Liga 2018"]
[Site "Pokrzywna"]
[Date "1899-12-30"]
[Round "5.28"]
[White "Szolc, Grzegorz"]
[Black "Szustakowski, Antoni"]
[Result "0-1"]
[WhiteTitle "I+"]
[BlackTitle "FM"]
[WhiteElo "2020"]
[BlackElo "2296"]

1. d4 Nf6 2. Bf4 c5 3. e3 g6 4. Nc3 Bg7 5. h4 cxd4 6. exd4 d6 7. Qd2 Nc6 8. O-O-O
Bd7 9. Bh6 Bxh6 10. Qxh6 Qa5 11. Bc4 d5 12. Bb3 O-O-O 13. f3 Kb8 14. Nge2 Bc8
15. Rhe1 Ka8 16. Kb1 e6 17. g4 Ne8 18. h5 Nd6 19. Rh1 Rhg8 20. hxg6 hxg6 21. Qf4
b5 22. Rh7 Qb6 23. Rdh1 g5 24. Qd2 a5 25. a3 Ba6 26. R1h5 a4 27. Ba2 b4 28. Nxa4
Qb5 29. Rxg5 Rxg5 30. Qxg5 Qxa4 0-1